| 000 | 00790nam a2200217Ii 4500 | ||
|---|---|---|---|
| 003 | JO-AjNU | ||
| 008 | 230605s9999||||xx |||||||||||||| ||und|| | ||
| 017 | _a2022/3/1312 | ||
| 040 |
_aJO-AjNU _bara _erda _cJO-AjNU |
||
| 041 | _aara | ||
| 050 | 1 | 4 | _aHQ525.G478.2022 |
| 100 | 3 |
_aالقضاة، محمد طعمة, _eauthor _963135 |
|
| 245 | 0 | 0 | _aالمختصر في نظام الاسرة في الاسلام |
| 250 | _aط1 | ||
| 264 | 3 | 1 | _aعمان: المؤلف، 2022 |
| 300 | _a158ص | ||
| 336 |
_atext _btxt _2rdacontent |
||
| 337 |
_aunmediated _bn _2rdamedia |
||
| 338 |
_avolume _bnc _2rdacarrier |
||
| 650 | 4 |
_aقانون الاسرة-الحقوق الاسرية-العلاقات داخل الاسرة-قانون الاحوال الشخصية-الفقه الاسلامي _963136 |
|
| 999 |
_aA28622 _c32190 _d32190 |
||